The Null parameter
| Published in: | Studies in natural language and linguistic theory |
|---|---|
| Main Authors: | , |
| Content type: | Book |
| Published: |
Dordrecht:
Kluwer
1989
|
| Series: | Studies in natural language and linguistic theory ; 15 |
| Source: | MPIPL_cat |
MARC
| LEADER | 00000nam a2200000 ub4500 | ||
|---|---|---|---|
| 001 | PL0039176 | ||
| 003 | PLI01000000000000000039068 | ||
| 005 | 00000000000000.0 | ||
| 008 | ||| u | ||
| 020 | |a 1-55608-087-5 | ||
| 020 | |a 9781556080876 | ||
| 090 | |a 210-Nul/1 | ||
| 090 | |a 210-Nul/2 | ||
| 100 | 1 | |a Jaeggli, O. |e [ed.] | |
| 245 | 0 | 4 | |a The Null parameter |c ed. by O. Jaeggli, K.J. Safir |
| 260 | |a Dordrecht |b Kluwer |c 1989 | ||
| 300 | |a 320 P. | ||
| 490 | 0 | |a Studies in natural language and linguistic theory |v 15 | |
| 700 | 1 | |a Safir, K.J. |e [ed.] | |
| 830 | 0 | |w PL0000540 | |
| 852 | |c 210-Nul/1 |m BOOK |c 210-Nul/2 |m BOOK | ||